|
|
|
|
| LEADER |
02342nam a2200601 i 4500 |
| 001 |
nkc20172879370 |
| 003 |
CZ PrNK |
| 005 |
20170419120305.0 |
| 007 |
ta |
| 008 |
170208s2017 xr e f 001 0 cze |
| 015 |
|
|
|a cnb002879370
|
| 020 |
|
|
|a 978-80-271-0332-4
|q (vázáno)
|
| 035 |
|
|
|a (OCoLC)982100891
|
| 040 |
|
|
|a OLA001
|b cze
|d ABA001
|e rda
|
| 041 |
1 |
|
|a cze
|h eng
|
| 072 |
|
7 |
|a 658
|x Řízení a správa podniku
|2 Konspekt
|9 4
|
| 080 |
|
|
|a 334.722.24
|2 MRF
|
| 080 |
|
|
|a 658.114.2/.6
|2 MRF
|
| 080 |
|
|
|a 347.23
|2 MRF
|
| 080 |
|
|
|a 347.65/.68
|2 MRF
|
| 080 |
|
|
|a 316.356.2
|2 MRF
|
| 080 |
|
|
|a 33
|2 MRF
|
| 080 |
|
|
|a (035)
|2 MRF
|
| 100 |
1 |
|
|a Martel, Judy,
|d 1960-
|7 ola2017944931
|4 aut
|
| 240 |
1 |
0 |
|a Dilemmas of family wealth.
|l Česky
|
| 245 |
1 |
0 |
|a Rodinné firmy na rozcestí :
|b jak postupovat při nástupnictví, dědictví a udržení rodinné soudržnosti /
|c Judy Martelová ; překlad Eva Křápková ve spolupráci s Presto - překladatelské centrum, s.r.o.
|
| 250 |
|
|
|a První české vydání
|
| 264 |
|
1 |
|a Praha :
|b Grada Publishing,
|c 2017
|
| 300 |
|
|
|a 240 stran ;
|c 22 cm
|
| 336 |
|
|
|a text
|b txt
|2 rdacontent
|
| 337 |
|
|
|a bez média
|b n
|2 rdamedia
|
| 338 |
|
|
|a svazek
|b nc
|2 rdacarrier
|
| 500 |
|
|
|a Přeloženo z angličtiny
|
| 500 |
|
|
|a Obsahuje rejstřík
|
| 650 |
0 |
7 |
|a rodinné podniky
|7 ph116051
|2 czenas
|
| 650 |
0 |
7 |
|a řízení a správa společností
|7 ph182334
|2 czenas
|
| 650 |
0 |
7 |
|a vlastnické právo
|7 ph172912
|2 czenas
|
| 650 |
0 |
7 |
|a dědické právo
|7 ph119691
|2 czenas
|
| 650 |
0 |
7 |
|a rodinné vztahy
|7 ph135535
|x ekonomické aspekty
|2 czenas
|
| 650 |
0 |
9 |
|a family business enterprises
|2 eczenas
|
| 650 |
0 |
9 |
|a corporate governance
|2 eczenas
|
| 650 |
0 |
9 |
|a right of property
|2 eczenas
|
| 650 |
0 |
9 |
|a inheritance and succession
|2 eczenas
|
| 650 |
0 |
9 |
|a family relationships
|x economic aspects
|2 eczenas
|
| 655 |
|
7 |
|a příručky
|7 fd133209
|2 czenas
|
| 655 |
|
9 |
|a handbooks and manuals
|2 eczenas
|
| 700 |
1 |
|
|a Mašková Křápková, Eva,
|d 1963-
|7 hka2017949241
|4 trl
|
| 710 |
2 |
|
|a Presto (firma)
|7 olak2012720632
|4 trl
|
| 910 |
2 |
|
|a BOA001
|b 2-1384.295
|
| 990 |
|
|
|a BK
|
| 995 |
|
|
|a 01
|
| 996 |
6 |
|
|b 2610700055
|c 2-1384.295
|l MZK
|r Sklad / do 1 hodiny
|n 5
|p p.v.
|w 001602032
|u 000010
|a 1
|e BOA001
|j MZK50
|s P
|
| 996 |
7 |
|
|b 2610701785
|c 2-1384.295
|l MZK
|r Sklad / do 1 hodiny
|n 8
|p kup
|w 001602032
|u 000020
|a 1
|e BOA001
|j MZK50
|s A
|